[Event "Bergen Sommer op-A"]
[Site "Bergen"]
[Date "2005.08.01"]
[Round "2"]
[White "Larsen, Stig Borje"]
[Black "Naalsund, Roar"]
[Result "1/2-1/2"]
[WhiteElo "1731"]
[BlackElo "1737"]
[PlyCount "70"]
[EventDate "2005.07.31"]
[EventType "swiss"]
[EventRounds "6"]
[EventCountry "NOR"]
[SourceTitle "EXT 2006"]
[Source "ChessBase"]
[SourceDate "2005.11.24"]
[SourceVersion "1"]
[SourceVersionDate "2005.11.24"]
[SourceQuality "1"]

1. e4 e6 2. d4 d5 3. Nd2 Nc6 4. Ngf3 Nf6 5. e5 Ng4 6. c3 f6 7. h3 Nh6 8. Bb5 Bd7 9. Qe2 Nf7 10. exf6 Qxf6 11. Nb3 a6 12. Bd3 Bd6 13. Be3 e5 14. dxe5 Ncxe5 15. Nxe5 Nxe5 16. Bd4 0-0 17. 0-0 Qf4 18. Bxe5 Bxe5 19. g3 Qf6 20. f4 Bd6 21. Qh5 Bf5 22. Qxf5 Qxf5 23. Bxf5 Rxf5 24. Kg2 Re8 25. Rfe1 Rff8 26. Nd4 g6 27. Nf3 h6 28. Rad1 c6 29. Nd4 Kf7 30. f5 Re5 31. fxg6+ Kxg6 32. Rxe5 Bxe5 33. Nf3 Bf6 34. Re1 Rd8 35. Ne5+ Bxe5 1/2-1/2

[Event "Bergen Sommer op"]
[Site "Bergen"]
[Date "2004.08.03"]
[Round "3"]
[White "Torgersen, Terje"]
[Black "Naalsund, Roar"]
[Result "1/2-1/2"]
[WhiteElo "1935"]
[BlackElo "1761"]
[PlyCount "66"]
[EventDate "2004.08.01"]
[EventType "swiss"]
[EventRounds "6"]
[EventCountry "NOR"]
[SourceTitle "CBM 101 Extra"]
[Source "ChessBase"]
[SourceDate "2004.09.01"]
[SourceVersion "2"]
[SourceVersionDate "2004.09.01"]
[SourceQuality "1"]

1. e4 c5 2. Nc3 e6 3. Nf3 Nf6 4. d4 cxd4 5. Nxd4 Nc6 6. Nxc6 bxc6 7. Be3 Bb4 8. Bd2 d5 9. e5 Nd7 10. Qg4 Bf8 11. f4 Qb6 12. Rb1 Nc5 13. Be2 d4 14. Nd1 Ne4 15. Qf3 Nxd2 16. Kxd2 Bb7 17. Qb3 Qa5+ 18. Kc1 0-0-0 19. Bf3 g5 20. Qc4 gxf4 21. b4 Qxe5 22. b5 c5 23. Qa4 Bxf3 24. gxf3 Qc7 25. Nb2 c4 26. Nxc4 Bc5 27. b6 Bxb6 28. Nxb6+ axb6 29. Qa6+ Qb7 30. Rxb6 Qxa6 31. Rxa6 Kb7 32. Ra4 e5 33. Kd2 Rd6 1/2-1/2